Foundation course in french language and culture
Na minha lista:
| Autor principal: | |
|---|---|
| Formato: | Livro |
| Idioma: | Undetermined |
| Publicado em: |
Estados Unidos
D.C. Heath
1969
|
| Assuntos: | |
| Tags: |
Adicionar Tag
Sem tags, seja o primeiro a adicionar uma tag!
|
MARC
| LEADER | 00000nam a2200000Ia 4500 | ||
|---|---|---|---|
| 008 | 170316s9999 xx 000 0 und d | ||
| 090 | |a 415-F P-2f | ||
| 100 | |a Parker, Clifford S.; Maubrery, Pierre | ||
| 245 | |a Foundation course in french language and culture | ||
| 260 | |a Estados Unidos | ||
| 260 | |b D.C. Heath | ||
| 260 | |c 1969 | ||
| 300 | |a 450 páginas | ||
| 650 | |a GRAMÁTICA FRANCESA | ||
| 650 | |a ENSEÑANZA DEL FRANCÉS | ||
| 999 | |c 19243 |d 19243 | ||
| 040 | |a cru BVZT | ||
| 942 | |c 15 D |h 415-F P-2f |2 z | ||
